000 00654nam a2200193 a 4500
001 000028180
005 20200930031421.0
008 110407s2010 dr 000 0 spa d
020 _a9789945408461
040 _aDO-SdBNP
_bspa
_cBNPHU
082 _axxxx
_bI58a
100 1 _aInoa, Orlidy
_99454
245 1 0 _aArmas de fuego en República Dominicana :
_bimpacto social y análisis jurídico /
_cOrlidy Inoa.
260 _aSanto Domingo :
_bArgos:
_bInstituto Caribeño para el Estado de Derecho,
_c2010.
300 _a45 p. ;
_c21 cm.
500 _aIncluye notas al pie de las páginas.
504 _aIncluye referencias bibliográficas
049 _aBNPD
999 _c27672
_d27672